000 00662nam a22001937a 4500
005 20241003163021.0
010 _aENG-141889
020 _c799.00
_a9789357312684
035 _aEN-125421
037 _bDBAD
082 _a954.01
_21
100 _aAllen, Charles
_972337
245 _aAryans:
_bThe Search for a People, a Place and a Myth/
_cby Charles Allen
250 _a1
260 _aGurugram
_bHachette Book Publishing India Pvt.Ltd
_c2023
270 _bGurugram
_a4th & 5th Floors, Corporate Centre Plot No.94, Sector44, Gurugram India
_e122003
_mwww.hachetteindia.com
300 _a387p.
_c24cm (hb)
942 _2ddc
_cEN
_h954.01
_mALL
_e1
999 _c206084
_d206084